000 00705cab a2200241 4500
001 ABS58088
008 090401t1997 xxu||||| |||| 00| 0 eng d
035 _a(Sirsi) u82815
041 _aeng
100 _aReichert, A.
245 _aImpact of a toxic waste superfund site on property values
260 _c1997
350 _a0
490 _aAppraisal Journal
_v65(4) October 1997, 381-392(12)
520 _aCase study analysing the impact on values of property surrounding a landfill site in Ohio, USA.
650 _aDIMINUTION IN VALUE
650 _aLANDFILL SITES
650 _aOHIO
650 _aPROPERTY VALUES
690 _aOVERSEAS-NORTH AMERICA
942 _n0
948 _c19/12/1997
999 _c52301
_d52301